000 00217 a2200097 4500
001 52381
100 _aMotorola
245 _aLinear Integreted Circuits
260 _aNew York
_bMotorola Inc
_c
090 _c32957
_d32957
942 _aNUST-CAE
_cM
_c25510
999 _c287454
_d287454